[Event "33. Seebach-Open"]
[Site "Grossenseebach"]
[Date "2024.05.30"]
[Round "2.43"]
[White "Averkova, Olena"]
[Black "Scheitler, Wolfgang"]
[Result "1/2-1/2"]
[WhiteElo "1812"]
[BlackElo "1424"]
[PlyCount "44"]
[EventDate "2024.??.??"]
[WhiteTeam "SC 1868 Bamberg"]
[BlackTeam "SC Schwarz-Weiß Nürnberg Süd e.V"]

1. e4 c5 2. Nc3 d6 3. f4 Nc6 4. Bc4 Nf6 5. f5 a6 6. a4 Nd4 7. Nf3 Nxf3+ 8. Qxf3
h5 9. d3 Bd7 10. Bg5 b5 11. axb5 axb5 12. Rxa8 Qxa8 13. Nxb5 Qa1+ 14. Qd1 Qxb2
15. Nc7+ Kd8 16. Bxf6 gxf6 17. Nd5 e6 18. Ne3 Bh6 19. Qxh5 Qd4 20. Qxf7 Qxe3+
21. Kf1 Qc1+ 22. Kf2 Qe3+ 1/2-1/2

[Event "33. Seebach-Open"]
[Site "Grossenseebach"]
[Date "2024.05.30"]
[Round "2.44"]
[White "Kalnik, Isabell"]
[Black "Basel, Moritz"]
[Result "1/2-1/2"]
[WhiteElo "1479"]
[BlackElo "1810"]
[PlyCount "88"]
[EventDate "2024.??.??"]
[WhiteTeam "FSV Großenseebach"]
[BlackTeam "SC Kitzingen von 1905"]

1. e4 e5 2. Bc4 Nf6 3. d3 Bc5 4. Bg5 d6 5. Nc3 c6 6. Qf3 Be6 7. Bxe6 fxe6 8.
Nge2 Nbd7 9. O-O O-O 10. Qg3 Qe7 11. Kh1 Qf7 12. f4 Nh5 13. Qg4 h6 14. Bxh6
Ndf6 15. Qg5 Kh7 16. Bxg7 Qxg7 17. Qxg7+ Kxg7 18. f5 Ng4 19. h3 Ne3 20. Rf3
exf5 21. exf5 Rxf5 22. Rxf5 Nxf5 23. g4 Nhg3+ 24. Nxg3 Nxg3+ 25. Kg2 Nh5 26.
gxh5 d5 27. Rf1 Kh6 28. Rf5 Rf8 29. Rxf8 Bxf8 30. Ne2 Kxh5 31. Ng3+ Kg5 32. Nh1
Kf4 33. Kf2 Be7 34. Ke2 Bc5 35. Nf2 Kg3 36. Ng4 Bd6 37. Nf2 a5 38. a4 b5 39.
axb5 cxb5 40. c3 b4 41. cxb4 Bxb4 42. b3 Bc3 43. Ng4 Kxh3 44. Nf6 Kg3 1/2-1/2

[Event "33. Seebach-Open"]
[Site "Grossenseebach"]
[Date "2024.05.30"]
[Round "2.45"]
[White "Vaas, Andreas"]
[Black "Held, Philip"]
[Result "1-0"]
[WhiteElo "1804"]
[BlackElo "1317"]
[PlyCount "80"]
[EventDate "2024.??.??"]
[WhiteTeam "SK Dinkelsbühl e.V."]
[BlackTeam "SC JÄKLECHEMIE Talente Franken e"]

1. b3 d5 2. Bb2 Nc6 3. f4 Bf5 4. Nf3 Nf6 5. e3 h6 6. Bb5 Qd7 7. d3 Bg4 8. Nbd2
a6 9. Bxc6 Qxc6 10. h3 Bxf3 11. Nxf3 e6 12. a3 Bc5 13. Bd4 Bxd4 14. Nxd4 Qc3+
15. Ke2 O-O-O 16. Qd2 Qxd2+ 17. Kxd2 Rhe8 18. Nf3 Ne4+ 19. Ke1 Nc3 20. g4 f6
21. Rf1 e5 22. fxe5 fxe5 23. Nh4 Rf8 24. Kd2 d4 25. Ng6 Rfe8 26. Rf7 Re6 27.
Ne7+ Kb8 28. Rxg7 Rf8 29. Nf5 h5 30. exd4 Nb5 31. d5 Ref6 32. Re1 Nd4 33. Nxd4
exd4 34. gxh5 Rf5 35. Re4 Rxh5 36. Rxd4 Rxh3 37. Rc4 Rh2+ 38. Kc3 Rff2 39. Kb2
Re2 40. Rcxc7 Ka8 1-0

[Event "33. Seebach-Open"]
[Site "Grossenseebach"]
[Date "2024.05.30"]
[Round "2.46"]
[White "Ratushna, Olha"]
[Black "Tokgoez, Furkan"]
[Result "0-1"]
[WhiteElo "1445"]
[BlackElo "1759"]
[PlyCount "48"]
[EventDate "2024.??.??"]
[WhiteTeam "SC Schwarz-Weiß Nürnberg Süd e.V"]
[BlackTeam "SC Noris-Tarrasch Nürnberg 1873"]

1. e4 e5 2. Nf3 Nc6 3. Nc3 Nf6 4. d4 Bb4 5. Bg5 h6 6. Bxf6 Qxf6 7. dxe5 Nxe5 8.
Nxe5 Qxe5 9. Qf3 d5 10. O-O-O Bxc3 11. bxc3 dxe4 12. Qe3 O-O 13. Re1 Re8 14. f3
f5 15. Bd3 Qxc3 16. Qe2 e3 17. Kb1 Be6 18. a3 Qxa3 19. c4 Rad8 20. Rd1 Rd6 21.
c5 Rd4 22. Qb2 Rb4 23. Qxb4 Qxb4+ 24. Kc1 Qc3+ 0-1

[Event "33. Seebach-Open"]
[Site "Grossenseebach"]
[Date "2024.05.30"]
[Round "2.47"]
[White "Kromer, Thomas"]
[Black "Bauenschmidt, Lars"]
[Result "1-0"]
[WhiteElo "1754"]
[BlackElo "1256"]
[PlyCount "34"]
[EventDate "2024.??.??"]
[WhiteTeam "SF Riedlingen"]
[BlackTeam "FSV Großenseebach"]

1. e4 c5 2. d4 cxd4 3. c3 dxc3 4. Nxc3 Nc6 5. Nf3 d6 6. Bc4 Bg4 7. Bxf7+ Kxf7
8. Ng5+ Ke8 9. Qxg4 Nf6 10. Qe6 Nd4 11. Qf7+ Kd7 12. O-O h6 13. Qc4 Nc2 14. Nf7
Qc8 15. Qa4+ Ke6 16. Nxh8 Nxa1 17. Be3 Nxe4 1-0

[Event "33. Seebach-Open"]
[Site "Grossenseebach"]
[Date "2024.05.30"]
[Round "2.48"]
[White "Zaiser, Dion"]
[Black "Schaefer, Ann-Kathrin"]
[Result "0-1"]
[WhiteElo "1307"]
[BlackElo "1744"]
[PlyCount "52"]
[EventDate "2024.??.??"]
[WhiteTeam "SG Büchenbach/Roth e.V."]
[BlackTeam "SC JÄKLECHEMIE Talente Franken e"]

1. e4 c5 2. Nf3 d6 3. d4 cxd4 4. Nxd4 Nf6 5. Nc3 g6 6. Bc4 Bg7 7. O-O O-O 8.
Be3 Nc6 9. Qd2 Ng4 10. Nxc6 bxc6 11. h3 Nxe3 12. Qxe3 Qa5 13. Bb3 Qh5 14. f4 c5
15. Qf3 Bd4+ 16. Kh1 Qh4 17. Ne2 Bg7 18. Qg3 Qh5 19. Qf3 Qh6 20. Qg3 Ba6 21.
Rf2 Bxb2 22. Rb1 Bf6 23. Qf3 Rab8 24. g4 Qh4 25. Qg3 Qxg3 26. Nxg3 c4 0-1

[Event "33. Seebach-Open"]
[Site "Grossenseebach"]
[Date "2024.05.30"]
[Round "2.50"]
[White "Yanpala, Oguz Faruk"]
[Black "Ruderer, Alexander"]
[Result "0-1"]
[WhiteElo "1227"]
[BlackElo "1740"]
[PlyCount "164"]
[EventDate "2024.??.??"]
[WhiteTeam "SC JÄKLECHEMIE Talente Franken e"]
[BlackTeam "SC Heideck-Hilpoltstein"]

1. d4 Nf6 2. c4 g6 3. Bf4 Bg7 4. Nc3 d6 5. e3 Nbd7 6. Nf3 O-O 7. Bd3 a6 8. O-O
Qe8 9. Re1 e5 10. dxe5 dxe5 11. Bg3 e4 12. Bxc7 Qe6 13. Nd4 Qe7 14. Bc2 Nc5 15.
Bf4 Rd8 16. Bg5 Be6 17. Qe2 Rac8 18. b3 h6 19. Bf4 Bg4 20. f3 exf3 21. Nxf3
Nce4 22. Bxe4 Nxe4 23. Nd5 Qc5 24. Rad1 Re8 25. h3 Be6 26. Be5 f6 27. Bd4 Qa5
28. Bb6 Qa3 29. Qc2 Bf5 30. Nd4 Bd7 31. Bc7 Bc6 32. Rc1 f5 33. Qe2 Ng5 34. Qf2
Ne4 35. Qe2 Nc5 36. Bd6 Bxd4 37. Ne7+ Rxe7 38. Bxe7 Bg7 39. Qd2 Ne4 40. Bxa3
Nxd2 41. Rcd1 Ne4 42. Bb4 b6 43. Rd3 a5 44. Be7 Kf7 45. Bd8 Nc5 46. Rd6 Be5 47.
Rdd1 Nd7 48. Bh4 g5 49. Bf2 Ke6 50. Re2 Bc3 51. Be1 Be5 52. Kf2 Nc5 53. Rc2 Be4
54. Rcd2 Bc6 55. Rd8 Rc7 56. Kf1 Rd7 57. R8xd7 Nxd7 58. a3 Be4 59. b4 a4 60.
Rc1 Bd3+ 61. Kf2 Bb2 62. Rd1 Bxc4 63. Bd2 Bb3 64. Rb1 Be5 65. Ke2 b5 66. Kd3
Nf6 67. Bc3 Bc4+ 68. Kd2 Bg3 69. Bd4 Nd5 70. Bc5 Nf6 71. Bd4 Ne4+ 72. Kc2 Bb3+
73. Kd3 Kd5 74. Rc1 Bc4+ 75. Kc2 Nf2 76. Kd2 f4 77. Bg7 fxe3+ 78. Kxe3 Bf4+ 79.
Kxf2 Bxc1 80. Bxh6 Bxa3 81. Bxg5 Bb2 82. h4 a3 0-1

[Event "33. Seebach-Open"]
[Site "Grossenseebach"]
[Date "2024.05.30"]
[Round "2.52"]
[White "Bajaj, Pranit"]
[Black "Walter, Manfred"]
[Result "0-1"]
[WhiteElo "1097"]
[BlackElo "1685"]
[PlyCount "64"]
[EventDate "2024.??.??"]
[WhiteTeam "SC Erlangen 48/88"]
[BlackTeam "SV Lauf a.d.P."]

1. e4 d6 2. Nf3 Nf6 3. Nc3 e5 4. d4 Nbd7 5. Be3 Ng4 6. Bg5 Be7 7. Bxe7 Qxe7 8.
Be2 Ngf6 9. O-O O-O 10. Nd5 Nxd5 11. exd5 e4 12. Nd2 e3 13. fxe3 Qxe3+ 14. Kh1
Qxd4 15. Nf3 Qxd1 16. Raxd1 Nf6 17. Bc4 Bf5 18. c3 Ng4 19. Rd4 Ne3 20. Re1 Nc2
21. Red1 Nxd4 22. Rxd4 Rae8 23. h3 Re4 24. Rxe4 Bxe4 25. Nd2 Re8 26. Nxe4 Rxe4
27. Bd3 Re3 28. Bf5 Re2 29. b4 Rxa2 30. Kh2 a5 31. bxa5 Rxa5 32. Be4 Rc5 0-1

[Event "33. Seebach-Open"]
[Site "Grossenseebach"]
[Date "2024.05.30"]
[Round "2.53"]
[White "Cufi, Astrit"]
[Black "Franke, Martin"]
[Result "1-0"]
[WhiteElo "1676"]
[BlackElo "1297"]
[PlyCount "50"]
[EventDate "2024.??.??"]
[WhiteTeam "BSG Wöhrlhaus Erlangen"]
[BlackTeam "FSV Großenseebach"]

1. e4 c5 2. Nf3 d6 3. d4 cxd4 4. Qxd4 Nf6 5. Bg5 Nc6 6. Bb5 e5 7. Qd3 Be7 8.
Nc3 Bd7 9. Rd1 Qc7 10. O-O h6 11. Bxf6 gxf6 12. Nd5 Qb8 13. Nxe7 Kxe7 14. c4 b6
15. Nh4 Nd4 16. Bxd7 Kxd7 17. Nf3 Nxf3+ 18. Qxf3 Ke7 19. Rd5 Qc7 20. Qd3 h5 21.
a4 a5 22. f4 h4 23. b3 Rag8 24. fxe5 fxe5 25. Qf3 Rg7 1-0

[Event "33. Seebach-Open"]
[Site "Grossenseebach"]
[Date "2024.05.30"]
[Round "2.54"]
[White "Kuhlemann, Claus"]
[Black "Walter, Gabriele"]
[Result "1-0"]
[WhiteElo "1632"]
[BlackElo "1384"]
[PlyCount "63"]
[EventDate "2024.??.??"]
[WhiteTeam "SV Memmelsdorf"]
[BlackTeam "SV Lauf a.d.P."]

1. f4 c5 2. Nf3 Nc6 3. b3 Nf6 4. Bb2 e6 5. e3 Be7 6. Bb5 Qc7 7. O-O O-O 8. Nc3
a6 9. Bxc6 Qxc6 10. d3 b5 11. Qe1 d5 12. Ne5 Qd6 13. Ne2 Nd7 14. Qg3 Bf6 15.
Rab1 Qc7 16. Nxd7 Bxb2 17. Nxf8 Bf6 18. Nxh7 Kxh7 19. Qh3+ Kg8 20. g4 g6 21.
Ng3 Bb7 22. f5 Kg7 23. fxg6 fxg6 24. Rf2 Rh8 25. Qf1 Rf8 26. g5 Be7 27. Rxf8
Bxf8 28. Qf6+ Kg8 29. Rf1 Qg7 30. Qxe6+ Kh8 31. Rf6 Kh7 32. Rf7 1-0

[Event "33. Seebach-Open"]
[Site "Grossenseebach"]
[Date "2024.05.30"]
[Round "2.55"]
[White "Frysztacki, Marco"]
[Black "Satti, Shahroz"]
[Result "1-0"]
[WhiteElo "1605"]
[BlackElo "1232"]
[PlyCount "51"]
[EventDate "2024.??.??"]
[WhiteTeam "SV Lauf a.d.P."]
[BlackTeam "SC Erlangen 48/88"]

1. e4 d5 2. exd5 Qxd5 3. Nc3 Qa5 4. d4 Nf6 5. Bd2 c6 6. Nf3 Bg4 7. Bc4 e6 8.
O-O Qc7 9. h3 Bf5 10. Re1 Bd6 11. Nh4 O-O 12. Nxf5 exf5 13. Qf3 g6 14. Bh6 Rd8
15. Rad1 Nbd7 16. Bb3 Re8 17. g4 fxg4 18. hxg4 Nb6 19. Qxf6 Bf8 20. Bxf8 Rxf8
21. Re7 Qxe7 22. Qxe7 Rae8 23. Bxf7+ Rxf7 24. Qxe8+ Kg7 25. Re1 Kf6 26. Qe5#
1-0

[Event "33. Seebach-Open"]
[Site "Grossenseebach"]
[Date "2024.05.30"]
[Round "2.56"]
[White "Gebhardt, Andreas"]
[Black "Wolf, Moritz"]
[Result "0-1"]
[WhiteElo "1253"]
[BlackElo "1601"]
[PlyCount "48"]
[EventDate "2024.??.??"]
[WhiteTeam "TSV Kirchehrenbach"]
[BlackTeam "TSV Cadolzburg e.V."]

1. e4 c6 2. d4 d5 3. e5 Bf5 4. h4 h5 5. Bd3 Bxd3 6. Qxd3 e6 7. Bg5 Qa5+ 8. Nd2
Qa6 9. Qg3 Nd7 10. a3 g6 11. O-O-O Ne7 12. Bxe7 Bxe7 13. f4 c5 14. f5 exf5 15.
dxc5 Nxc5 16. Nh3 Rc8 17. Nf4 Qc6 18. Rhe1 Ne4 19. Qb3 Nf2 20. e6 Nxd1 21. Kxd1
Rd8 22. exf7+ Kxf7 23. Nf3 Bf6 24. Qb4 Rhe8 0-1

[Event "33. Seebach-Open"]
[Site "Grossenseebach"]
[Date "2024.05.30"]
[Round "2.57"]
[White "Stroessner, Pascal"]
[Black "Heimann, Jonas"]
[Result "0-1"]
[WhiteElo "1262"]
[BlackElo "1598"]
[PlyCount "46"]
[EventDate "2024.??.??"]
[WhiteTeam "FSV Großenseebach"]
[BlackTeam "SC Forchheim e.V."]

1. e4 e5 2. Nf3 Nc6 3. Bc4 Nf6 4. d3 Bc5 5. Bg5 h6 6. Bh4 d6 7. h3 Bb6 8. Nc3
g5 9. Bg3 Nh5 10. Bh2 g4 11. Nd2 Qg5 12. hxg4 Bxg4 13. Nf3 Qg7 14. Bb5 Rf8 15.
Rg1 f5 16. exf5 Rxf5 17. Qe2 O-O-O 18. Nd5 Nd4 19. Qd1 Nxb5 20. Qd2 Bxf3 21.
gxf3 Qf7 22. Nxb6+ axb6 23. Qxh6 Nd4 0-1

[Event "33. Seebach-Open"]
[Site "Grossenseebach"]
[Date "2024.05.30"]
[Round "2.58"]
[White "Schuetz, Robert"]
[Black "Savchuk, Andrej"]
[Result "1-0"]
[WhiteElo "1592"]
[BlackElo "1274"]
[PlyCount "51"]
[EventDate "2024.??.??"]
[WhiteTeam "TSV Kirchehrenbach"]
[BlackTeam "SC Uttenreuth e.V."]

1. e4 d5 2. exd5 Nf6 3. d4 Qxd5 4. c4 Qa5+ 5. Bd2 Qb6 6. c5 Qe6+ 7. Be2 Nc6 8.
Nf3 Bd7 9. O-O g6 10. Nc3 Bg7 11. Re1 O-O 12. h3 Nd5 13. Bd3 Nxc3 14. bxc3 Qd5
15. Bg5 f6 16. Bh4 Qf7 17. Qe2 Rfe8 18. Bc4 e6 19. Qd3 Na5 20. Bb5 Bxb5 21.
Qxb5 b6 22. Bg3 a6 23. Qa4 Nb7 24. Qc6 Rab8 25. cxb6 Rec8 26. bxc7 1-0

[Event "33. Seebach-Open"]
[Site "Grossenseebach"]
[Date "2024.05.30"]
[Round "2.61"]
[White "Becker, Werner"]
[Black "Kern, Daniel"]
[Result "1/2-1/2"]
[WhiteElo "1669"]
[BlackElo "1200"]
[PlyCount "98"]
[EventDate "2024.??.??"]
[WhiteTeam "SC Rochade e.V."]
[BlackTeam "SC Höchstadt/Aisch"]

1. d4 Nf6 2. Nf3 e6 3. Bf4 d5 4. e3 Nc6 5. Nbd2 Be7 6. c3 O-O 7. Bd3 Nh5 8. Bg3
g6 9. Qc2 Bf6 10. O-O-O Re8 11. Be5 Bxe5 12. Nxe5 Nxe5 13. dxe5 Qg5 14. Qa4 Ng7
15. Qf4 Qxf4 16. exf4 b6 17. Bb5 Rf8 18. Nf3 f6 19. exf6 Rxf6 20. g3 Bb7 21.
Rhe1 Rd8 22. Re5 a6 23. Bf1 h6 24. h4 c5 25. Nd2 Nf5 26. Nb3 d4 27. Bc4 Bc8 28.
Rde1 Kf7 29. Nd2 Nd6 30. Bb3 dxc3 31. bxc3 Re8 32. a4 a5 33. Nf3 Rf5 34. R5e3
c4 35. Bc2 Rf6 36. Ne5+ Kg7 37. Ng4 Rf7 38. Rd1 Nf5 39. Re5 h5 40. Nh2 Rd7 41.
Rde1 Rde7 42. Nf3 Kf7 43. Ng5+ Kf6 44. Ne4+ Kg7 45. Nd2 Rc7 46. Nf3 Rce7 47.
R1e2 Kf6 48. Nd2 Rc7 49. R2e4 Ba6 1/2-1/2

[Event "33. Seebach-Open"]
[Site "Grossenseebach"]
[Date "2024.05.30"]
[Round "2.62"]
[White "Ramayanam, Nithya"]
[Black "Bauschke, Norman"]
[Result "1/2-1/2"]
[WhiteElo "1185"]
[BlackElo "1636"]
[PlyCount "35"]
[EventDate "2024.??.??"]
[WhiteTeam "SC Erlangen 48/88"]
[BlackTeam "SC Höchstadt/Aisch"]

1. e4 c5 2. c3 g6 3. d4 Bg7 4. d5 a6 5. Nf3 d6 6. Be2 Nd7 7. O-O Ngf6 8. Bd3
O-O 9. c4 Rb8 10. Nc3 Re8 11. Re1 Ng4 12. h3 Nge5 13. Bf4 Nxd3 14. Qxd3 b5 15.
cxb5 axb5 16. e5 dxe5 17. Nxe5 Nxe5 18. Bxe5 1/2-1/2

[Event "33. Seebach-Open"]
[Site "Grossenseebach"]
[Date "2024.05.30"]
[Round "2.63"]
[White "Wallrab, Armin"]
[Black "Mao, Leo"]
[Result "1-0"]
[WhiteElo "1598"]
[BlackElo "1174"]
[PlyCount "61"]
[EventDate "2024.??.??"]
[WhiteTeam "SV Ilmmünster"]
[BlackTeam "SC Erlangen 48/88"]

1. e4 c5 2. Nc3 Nc6 3. f4 d6 4. Nf3 Bg4 5. h3 Bxf3 6. Qxf3 a6 7. d3 g6 8. Bd2
Nd4 9. Qd1 Bg7 10. Rb1 Nf6 11. Ne2 Nc6 12. c3 Rb8 13. g3 O-O 14. Bg2 Qd7 15.
O-O Ne8 16. f5 Nc7 17. fxg6 fxg6 18. Nf4 Rf7 19. Qe2 Rbf8 20. h4 e5 21. Bh3 Qe8
22. Nd5 Rxf1+ 23. Rxf1 Rxf1+ 24. Qxf1 Nxd5 25. exd5 Ne7 26. Be6+ Kh8 27. b4
cxb4 28. cxb4 Qb5 29. Qf7 Qb6+ 30. Kg2 Qd8 31. Bg5 1-0

[Event "33. Seebach-Open"]
[Site "Grossenseebach"]
[Date "2024.05.30"]
[Round "2.64"]
[White "Hummel, Heike"]
[Black "Strobl, Thomas"]
[Result "0-1"]
[WhiteElo "1170"]
[BlackElo "1585"]
[PlyCount "66"]
[EventDate "2024.??.??"]
[WhiteTeam "SK Rothenburg e.V."]
[BlackTeam "TSV 1860 Weißenburg e.V."]

1. e4 d5 2. e5 Nc6 3. d4 Bf5 4. Bf4 Nb4 5. Na3 e6 6. c3 Nc6 7. Be2 Be7 8. Nf3
Bxa3 9. bxa3 h6 10. O-O Nge7 11. Rc1 O-O 12. c4 dxc4 13. Rxc4 Nd5 14. Bd2 Nb6
15. Rxc6 bxc6 16. Qc1 Qd7 17. h3 Nd5 18. Nh2 Rfb8 19. Qc5 Rb2 20. Qa5 Rxa2 21.
Nf3 Qe7 22. Qc5 Qxc5 23. dxc5 Rxa3 24. Nd4 Bd3 25. Bc1 Bxe2 26. Nxe2 Ra1 27.
Nd4 Rb8 28. Nc2 Ra5 29. Ba3 Rb3 30. Ra1 Rc3 31. Bb4 Rxa1+ 32. Nxa1 Nxb4 33. Kh2
Ra3 0-1

[Event "33. Seebach-Open"]
[Site "Grossenseebach"]
[Date "2024.05.30"]
[Round "2.65"]
[White "Galter, Norbert"]
[Black "Jain, Vihaan"]
[Result "1-0"]
[WhiteElo "1507"]
[BlackElo "981"]
[PlyCount "65"]
[EventDate "2024.??.??"]
[WhiteTeam "Spvg Zabo-Eintracht Nürnberg e.V"]
[BlackTeam "SK 1911 Herzogenaurach e.V."]

1. d4 Nf6 2. c4 g6 3. Nc3 Bg7 4. e4 d6 5. Nf3 O-O 6. Be2 Nc6 7. d5 Ne5 8. Nd2
Nfd7 9. f4 f5 10. fxe5 Bxe5 11. Nf3 Bg7 12. O-O Nf6 13. exf5 Bxf5 14. Bd3 e6
15. Bxf5 exf5 16. Ng5 c6 17. Kh1 Re8 18. Ne6 Qe7 19. Bg5 h6 20. Bh4 g5 21. Bf2
Rac8 22. Re1 Ng4 23. Re2 Be5 24. h3 Nxf2+ 25. Rxf2 cxd5 26. cxd5 f4 27. Qh5 Qf6
28. Ne4 Qf5 29. Re1 f3 30. Rxf3 Qxe4 31. Qf7+ Kh8 32. Rxe4 Re7 33. Qf5 1-0

[Event "33. Seebach-Open"]
[Site "Grossenseebach"]
[Date "2024.05.30"]
[Round "2.66"]
[White "Martin Fernandez, Felix"]
[Black "Held, Werner"]
[Result "1-0"]
[WhiteElo "1430"]
[BlackElo "1111"]
[PlyCount "63"]
[EventDate "2024.??.??"]
[WhiteTeam "SC Erlangen 48/88"]
[BlackTeam "Spvg Zabo-Eintracht Nürnberg e.V"]

1. e4 a5 2. d4 h5 3. Nf3 b6 4. Bc4 e6 5. O-O Bb7 6. Nc3 g6 7. Be3 Nf6 8. e5 Ng4
9. Bg5 Be7 10. Bxe7 Qxe7 11. h3 Nh6 12. d5 exd5 13. Nxd5 Bxd5 14. Qxd5 c6 15.
Qd4 O-O 16. Qxb6 d6 17. exd6 Qd7 18. Qc7 Qxc7 19. dxc7 Nd7 20. Rad1 Nc5 21. Ne5
Rfc8 22. Nxg6 Rxc7 23. Rfe1 Kg7 24. Nf4 a4 25. Nxh5+ Kg6 26. Rd6+ Kxh5 27. Re5+
f5 28. Be2+ Kg5 29. Rxc5 Re7 30. h4+ Kf4 31. Rd4+ Re4 32. g3# 1-0

[Event "33. Seebach-Open"]
[Site "Grossenseebach"]
[Date "2024.05.30"]
[Round "2.67"]
[White "Kreiner, Tobias"]
[Black "Mao, Luca"]
[Result "1-0"]
[WhiteElo "1416"]
[BlackElo "798"]
[PlyCount "69"]
[EventDate "2024.??.??"]
[WhiteTeam "FSV Großenseebach"]
[BlackTeam "SC Erlangen 48/88"]

1. e4 e5 2. Nf3 Nc6 3. Bb5 d6 4. O-O Nf6 5. d3 Bd7 6. Bg5 Be7 7. Nbd2 O-O 8.
Re1 a6 9. Ba4 b5 10. Bb3 Bg4 11. h3 Bxf3 12. Nxf3 h6 13. Bh4 d5 14. exd5 Nxd5
15. Bxe7 Ncxe7 16. Nxe5 Re8 17. Qf3 c6 18. Qxf7+ Kh8 19. Ng6+ Nxg6 20. Qxg6
Rxe1+ 21. Rxe1 Qa5 22. Re8+ Rxe8 23. Qxe8+ Kh7 24. Qe4+ g6 25. c3 Qd8 26. d4 a5
27. Qe6 Ne7 28. Qf7+ Kh8 29. Qf6+ Kh7 30. Bc2 Qc7 31. Qf7+ Kh8 32. Bxg6 Nxg6
33. Qxc7 b4 34. Qxc6 Nf4 35. Qf6+ 1-0

[Event "33. Seebach-Open"]
[Site "Grossenseebach"]
[Date "2024.05.30"]
[Round "2.72"]
[White "Homfeldt, Maren"]
[Black "Barnowski, Roman"]
[Result "0-1"]
[WhiteElo "871"]
[BlackElo "1566"]
[PlyCount "42"]
[EventDate "2024.??.??"]
[WhiteTeam "SC Noris-Tarrasch Nürnberg 1873"]
[BlackTeam "SC Schwarz-Weiß Nürnberg Süd e.V"]

1. g3 d5 2. e3 Nf6 3. Ne2 e5 4. c3 Bd6 5. d4 Nc6 6. Nd2 O-O 7. Qb3 Rb8 8. Bg2
Be6 9. c4 Na5 10. Qd3 dxc4 11. Qc3 Nc6 12. f4 Bb4 13. Qc2 exd4 14. Bxc6 d3 15.
Qa4 bxc6 16. Nc3 Bxc3 17. bxc3 Qd5 18. O-O Ne4 19. Qxa7 Bh3 20. Rf3 Nxd2 21.
Bxd2 Qxf3 0-1

[Event "33. Seebach-Open"]
[Site "Grossenseebach"]
[Date "2024.05.31"]
[Round "3.1"]
[White "Homi, Joseph"]
[Black "Albert, Markus"]
[Result "1/2-1/2"]
[WhiteElo "2134"]
[BlackElo "2255"]
[PlyCount "57"]
[EventDate "2024.??.??"]
[WhiteTeam "SGem 1882 Fürth"]
[BlackTeam "SC Ansbach 1855 e.V."]

1. e4 e5 2. Nf3 Nc6 3. Bb5 Nf6 4. O-O Nxe4 5. d4 Nd6 6. Bxc6 dxc6 7. dxe5 Nf5
8. Qxd8+ Kxd8 9. Nc3 Be7 10. Bg5 Be6 11. g4 Nh6 12. h3 Ng8 13. Kg2 h5 14. Kg3
Nh6 15. Rfd1+ Ke8 16. Bxe7 Kxe7 17. Nd4 hxg4 18. Nxe6 fxe6 19. hxg4 Nf7 20. f4
g5 21. Rd2 Rh7 22. Ne4 Rah8 23. fxg5 Nxe5 24. Nf6 Rg7 25. Kf4 Ng6+ 26. Kg3 Ne5
27. Kf4 Ng6+ 28. Kg3 Ne5 29. Kf4 1/2-1/2

[Event "33. Seebach-Open"]
[Site "Grossenseebach"]
[Date "2024.05.31"]
[Round "3.2"]
[White "Heidrich, Manfred"]
[Black "Sattler, Stefan"]
[Result "1/2-1/2"]
[WhiteElo "2184"]
[BlackElo "2085"]
[PlyCount "48"]
[EventDate "2024.??.??"]
[WhiteTeam "SC Forchheim e.V."]
[BlackTeam "SK 1911 Herzogenaurach e.V."]

1. f4 d5 2. Nf3 Bg4 3. e3 e6 4. Be2 c5 5. d3 Nc6 6. e4 Nf6 7. Nc3 dxe4 8. Nxe4
Be7 9. O-O Qb6 10. c3 h6 11. Ne5 Bf5 12. Qa4 c4+ 13. Kh1 Bxe4 14. dxe4 Nxe4 15.
g3 Nd6 16. Nxc6 Qxc6+ 17. Qxc6+ bxc6 18. Be3 Kd7 19. Rfd1 Kc7 20. Rd2 Rhd8 21.
Rad1 Nf5 22. Bf2 Rxd2 23. Rxd2 Nd6 24. Rc2 Rb8 1/2-1/2

[Event "33. Seebach-Open"]
[Site "Grossenseebach"]
[Date "2024.05.31"]
[Round "3.3"]
[White "Stierhof, Michael"]
[Black "Heimrath, Reiner"]
[Result "0-1"]
[WhiteElo "2068"]
[BlackElo "2163"]
[PlyCount "74"]
[EventDate "2024.??.??"]
[WhiteTeam "SC 1868 Bamberg"]
[BlackTeam "SC Noris-Tarrasch Nürnberg 1873"]

1. e4 e5 2. Bc4 Nf6 3. d3 c6 4. Nf3 Be7 5. O-O d6 6. Nbd2 b5 7. Bb3 Nbd7 8. c3
Nc5 9. Bc2 Bg4 10. Re1 Nfd7 11. Nf1 O-O 12. h3 Bh5 13. Ng3 Bg6 14. b4 Nb7 15.
a4 a6 16. Bb3 Qc7 17. Be3 c5 18. Re2 Nb6 19. h4 bxa4 20. Ba2 h6 21. h5 Bh7 22.
Qd2 Kh8 23. Bxh6 gxh6 24. Qxh6 Rg8 25. Nf5 Raf8 26. bxc5 Nxc5 27. Rb1 Nc8 28.
d4 Nd3 29. Bd5 Qd8 30. Nxe7 Qxe7 31. Rb7 Qd8 32. dxe5 Nxe5 33. Nxe5 dxe5 34. f4
exf4 35. Bxf7 Rg7 36. Qxg7+ Kxg7 37. Bg6+ Ne7 0-1

[Event "33. Seebach-Open"]
[Site "Grossenseebach"]
[Date "2024.05.31"]
[Round "3.4"]
[White "Gomer, Thomas"]
[Black "Bieberle, Jan"]
[Result "1/2-1/2"]
[WhiteElo "1764"]
[BlackElo "2153"]
[PlyCount "120"]
[EventDate "2024.??.??"]
[WhiteTeam "SV Balingen"]
[BlackTeam "SC Höchstadt/Aisch"]

1. d4 Nf6 2. Nc3 d5 3. Bf4 c5 4. e4 Nxe4 5. Nxe4 dxe4 6. dxc5 Qa5+ 7. c3 Qxc5
8. Qa4+ Nc6 9. Qxe4 Bf5 10. Qc4 e5 11. Be3 Qxc4 12. Bxc4 Be7 13. Nf3 O-O 14.
Bd5 Bf6 15. O-O Rfd8 16. Rad1 Rd7 17. Bxc6 bxc6 18. Rxd7 Bxd7 19. Rd1 Be6 20.
b3 a5 21. Bg5 a4 22. Bxf6 gxf6 23. h3 axb3 24. axb3 Bxb3 25. Rd6 Ra1+ 26. Kh2
c5 27. Rxf6 Rc1 28. Nxe5 Rxc3 29. Rf3 Rxf3 30. Nxf3 Kg7 31. Kg3 Kf6 32. Nd2 Bd5
33. f3 Ke5 34. Kf2 Kd4 35. Ke2 c4 36. Nf1 c3 37. Kd1 Bc4 38. Ng3 Bd3 39. Nh5
Ke3 40. h4 Kf2 41. Nf4 Bf5 42. Nd5 c2+ 43. Kd2 Bd3 44. Nb4 Bf1 45. g4 Kxf3 46.
Nxc2 Bh3 47. g5 Kg4 48. Ke3 Kxh4 49. Kf4 Be6 50. Nd4 Kh5 51. Nf3 Bb3 52. Nd4
Ba2 53. Nc6 Bb1 54. Ne5 Bg6 55. Nd7 Kh4 56. Nf6 Kh3 57. Ng4 Kg2 58. Ke5 Kg3 59.
Nh6 Kh4 60. Kf6 Kh5 1/2-1/2

[Event "33. Seebach-Open"]
[Site "Grossenseebach"]
[Date "2024.05.31"]
[Round "3.5"]
[White "Kochiev, Ivan"]
[Black "Basel, Matthias"]
[Result "1-0"]
[WhiteElo "2134"]
[BlackElo "1989"]
[PlyCount "49"]
[EventDate "2024.??.??"]
[WhiteTeam "SC Noris-Tarrasch Nürnberg 1873"]
[BlackTeam "SC Kitzingen von 1905"]

1. e4 g6 2. d4 Bg7 3. c3 d6 4. f4 Nf6 5. Bd3 O-O 6. Nf3 c5 7. e5 Nfd7 8. O-O
Qb6 9. Nbd2 cxd4 10. Nc4 Qc7 11. cxd4 Nb6 12. Ne3 dxe5 13. fxe5 Nc6 14. Bd2 Be6
15. Rc1 Qd8 16. Bc3 Nd5 17. Qe1 Bh6 18. Bd2 Bxe3+ 19. Bxe3 Nxe3 20. Qxe3 Bg4
21. Rc4 Kg7 22. Ng5 Qd7 23. d5 Qxd5 24. Rxg4 Qxa2 25. Nxh7 1-0

[Event "33. Seebach-Open"]
[Site "Grossenseebach"]
[Date "2024.05.31"]
[Round "3.6"]
[White "Ott, Florian"]
[Black "Schmahl, Stephan"]
[Result "1-0"]
[WhiteElo "2265"]
[BlackElo "2007"]
[PlyCount "81"]
[EventDate "2024.??.??"]
[WhiteTeam "SC Erlangen 48/88"]
[BlackTeam "SC Windischeschenbach"]

1. c4 e6 2. Nc3 Bb4 3. d4 Nf6 4. e3 b6 5. Nge2 Ne4 6. Qc2 Bb7 7. f3 Nxc3 8.
bxc3 Be7 9. e4 d6 10. Ng3 h5 11. Bd3 h4 12. Ne2 e5 13. f4 Nd7 14. O-O Bf6 15.
Be3 c5 16. fxe5 dxe5 17. d5 Qe7 18. a4 a5 19. Kh1 Bg5 20. Bf2 O-O-O 21. Ng1 Nf6
22. Rab1 Rd6 23. Be2 Ba6 24. Nh3 Nh5 25. Bxh5 Rxh5 26. Qe2 g6 27. Qg4+ Kc7 28.
Nxg5 Qxg5 29. Qxg5 Rxg5 30. Bxh4 Rg4 31. Rxf7+ Rd7 32. Rxd7+ Kxd7 33. Rxb6 Bxc4
34. Bf2 Rxe4 35. Rxg6 Bxd5 36. h4 c4 37. h5 Bf7 38. Rg7 Ke6 39. h6 Kf6 40. g4
Bg6 41. Bh4+ 1-0